000 00375nam a22001457a 4500
999 _c4495
_d4495
008 200807b ||||| |||| 00| 0 eng d
082 0 0 _a623.8650223
_bJ561
100 _93590
_a Jerome, J. A.
245 1 0 _aShips and Fire
_cby J. A. Jerome
260 _aLondon
_bBrehall
_c1950
300 _a10 p.
365 _d1.50
650 0 _aShips-- Fires and Fire Prevention
942 _cBK